000 00721nam a22002177a 4500
005 20150113153022.0
008 130809b2011 ck ||||| |||| 00| 0 spa d
040 _aCO-BoIAVH
_cCO-BoIAVH
041 _aspa
044 _ack
090 _aIAVH
_b01408
245 1 _aCompilación de normas ambientales
260 _aBogotá,
_bInstituto de Investigación de Recursos Biológicos Alexander von Humboldt
_c2011
300 _a300 p. (4 vol.)
_c34 cm.
500 _aContrato No 11-11-020-057 PS
505 _a4 volumenes de normas ambientales compiladas
590 _aEmpaste en folder grande
650 _aPolítica ambiental
_zColombia
_931421
650 _aLegislación ambiental
_zColombia
_931422
942 _2z
_cINFORME
999 _c7525
_d7525